[Event "Olomouc 2010 - GM2 Prima Pack Cup"]
[Site "Olomouc (CZE), Hotel Sigma"]
[Date "2010.08.09"]
[Round "6"]
[White "Krupa, Monika"]
[Black "Semcesen, Daniel"]
[Result "0-1"]
[WhiteElo "2214"]
[BlackElo "2420"]
[PlyCount "82"]
[EventDate "2010.08.04"]

1. e4 e5 2. Nf3 Nc6 3. d4 exd4 4. Nxd4 Qf6 5. Nxc6 Bc5 6. Qd2 dxc6 7. Nc3 Ne7
8. Qf4 Be6 9. Qxf6 gxf6 10. Bd3 Rg8 11. Bf4 O-O-O 12. Bg3 h5 13. O-O-O Ng6 14.
h4 Ne5 15. Be2 Ng4 16. Rxd8+ Kxd8 17. Nd1 a5 18. a3 a4 19. Rf1 Kc8 20. Bf4 b5
21. f3 Ne5 22. Be3 Rxg2 23. Bxb5 cxb5 24. Bxc5 Bc4 25. Rh1 Nxf3 26. Ne3 Rg6 27.
Nxc4 bxc4 28. Rh3 Ne5 29. Kd2 Kd7 30. Kc3 Rg4 31. Kd4 Ke6 32. Ke3 Rg2 33. Bd4
Rxc2 34. Bc3 c5 35. Rh1 Ng4+ 36. Kf3 Rf2+ 37. Kg3 Re2 38. Kf3 Re3+ 39. Kf4 Rd3
40. Re1 Nf2 41. Re3 Nd1 0-1

[Event "Olomouc 2010 - GM2 Prima Pack Cup"]
[Site "Olomouc (CZE), Hotel Sigma"]
[Date "2010.08.09"]
[Round "6"]
[White "Payen, Arnaud"]
[Black "Chernyshov, Konstantin"]
[Result "0-1"]
[WhiteElo "2372"]
[BlackElo "2578"]
[PlyCount "86"]
[EventDate "2010.08.04"]

1. Nf3 Nf6 2. c4 b6 3. g3 Bb7 4. Bg2 e6 5. O-O Be7 6. b3 O-O 7. Bb2 Na6 8. d3
d5 9. Nc3 c5 10. e3 dxc4 11. bxc4 Nb4 12. Ne1 Bxg2 13. Kxg2 Qd7 14. Qe2 Rfd8
15. Rd1 a6 16. a3 Nc6 17. a4 Qb7 18. Kg1 Ne8 19. f4 Nd6 20. g4 b5 21. axb5 axb5
22. cxb5 Nxb5 23. Ne4 Nd6 24. Nxd6 Bxd6 25. Ra1 Rab8 26. Rf2 e5 27. f5 e4 28.
dxe4 Be5 29. Ra2 Qb4 30. Bxe5 Nxe5 31. Rc2 Qxe4 32. Rf4 Qd5 33. h4 Rb1 34. Kh2
h6 35. Kg3 g5 36. fxg6 Nxg6 37. Rf1 Qe5+ 38. Kh3 Rb3 39. Ng2 Rdd3 40. Rf3 Nf4+
41. Nxf4 Rxe3 42. Kg2 Rxe2+ 43. Rxe2 Rb2 0-1

[Event "Olomouc 2010 - GM2 Prima Pack Cup"]
[Site "Olomouc (CZE), Hotel Sigma"]
[Date "2010.08.09"]
[Round "6"]
[White "Simacek, Pavel"]
[Black "Talla, Vladimir"]
[Result "1/2-1/2"]
[WhiteElo "2532"]
[BlackElo "2476"]
[PlyCount "37"]
[EventDate "2010.08.04"]

1. Nf3 Nf6 2. d4 d5 3. g3 c6 4. Bg2 Bf5 5. O-O h6 6. c4 e6 7. Qb3 Qb6 8. c5
Qxb3 9. axb3 Bxb1 10. Rxb1 Nbd7 11. b4 Be7 12. Ne5 O-O 13. f4 a6 14. Ra1 Rad8
15. Be3 Ne4 16. f5 exf5 17. Rxf5 Nxe5 18. dxe5 Ng5 19. h4 1/2-1/2

[Event "Olomouc 2010 - GM2 Prima Pack Cup"]
[Site "Olomouc (CZE), Hotel Sigma"]
[Date "2010.08.09"]
[Round "6"]
[White "Vokac, Marek"]
[Black "Adhiban, B."]
[Result "0-1"]
[WhiteElo "2458"]
[BlackElo "2483"]
[PlyCount "198"]
[EventDate "2010.08.04"]

1. Nf3 Nf6 2. c4 c6 3. b3 d5 4. Bb2 Bf5 5. e3 h6 6. Be2 e6 7. O-O Nbd7 8. Nc3
Bd6 9. d3 Qe7 10. Rc1 O-O 11. Rc2 Bh7 12. Qa1 a6 13. Rd1 Rfe8 14. Bf1 Nc5 15.
g3 a5 16. cxd5 exd5 17. Rcd2 a4 18. Nxa4 Nxa4 19. bxa4 Rxa4 20. Rb1 Bb4 21. Bc3
Bxc3 22. Qxc3 Rea8 23. Qe5 Qd7 24. Rb3 Bf5 25. Qb2 R8a7 26. Rb4 Qe7 27. Rxa4
Rxa4 28. Qc3 Ne8 29. Rb2 Bc8 30. Nd4 Nd6 31. Qb3 Ra8 32. Qb4 Kf8 33. a4 Ne8 34.
Qb3 Nc7 35. Ra2 Na6 36. a5 Qb4 37. Ra4 Qxb3 38. Nxb3 c5 39. Ra1 Ke7 40. Rb1 Bd7
41. Bg2 Bc6 42. Rc1 Kd6 43. e4 dxe4 44. dxe4 Re8 45. Rd1+ Kc7 46. Rc1 Bxe4 47.
Nxc5 Nxc5 48. Rxc5+ Bc6 49. Rc1 Ra8 50. Ra1 Bxg2 51. Kxg2 Kb8 52. h4 b5 53. Kf3
Kb7 54. Ke4 Rd8 55. a6+ Kb6 56. h5 Ra8 57. Rd1 Rxa6 58. Rd6+ Ka5 59. Rd7 Re6+
60. Kd5 Rf6 61. f4 Ka4 62. Ra7+ Kb3 63. Ke5 Re6+ 64. Kd5 Re3 65. Kc5 b4 66. g4
Rg3 67. Rb7 Rxg4 68. Rxb4+ Kc3 69. Ra4 Rh4 70. Kd5 Rxh5+ 71. Ke4 g6 72. Ra8 Kc4
73. Rh8 Kc5 74. Rh7 f6 75. Rf7 f5+ 76. Ke5 Rh4 77. Rc7+ Kb4 78. Rh7 h5 79. Rc7
Rg4 80. Rc1 h4 81. Rc8 Kb3 82. Rc7 h3 83. Rh7 Rg3 84. Kd4 Kc2 85. Ra7 Kd1 86.
Ra2 Ke1 87. Ke5 Kf1 88. Ra1+ Kf2 89. Ra2+ Kf3 90. Ra3+ Kg4 91. Ra6 Re3+ 92. Kd4
Kxf4 93. Rxg6 h2 94. Rh6 Re2 95. Kd3 Ra2 96. Rh8 Kf3 97. Rh7 Kg2 98. Rb7 Kf1
99. Rh7 Kg1 0-1

[Event "Olomouc 2010 - GM2 Prima Pack Cup"]
[Site "Olomouc (CZE), Hotel Sigma"]
[Date "2010.08.10"]
[Round "7"]
[White "Adhiban, B."]
[Black "Payen, Arnaud"]
[Result "1-0"]
[WhiteElo "2483"]
[BlackElo "2372"]
[PlyCount "50"]
[EventDate "2010.08.04"]

1. d4 d5 2. c4 e6 3. Nc3 Nf6 4. cxd5 exd5 5. Bg5 Be7 6. e3 O-O 7. Bd3 Nbd7 8.
Nf3 Re8 9. O-O c6 10. Qc2 Nf8 11. h3 Bd6 12. Rae1 Ng6 13. e4 dxe4 14. Nxe4 Be7
15. Nxf6+ Bxf6 16. Rxe8+ Qxe8 17. Re1 Qf8 18. Bxf6 gxf6 19. Bf5 Bxf5 20. Qxf5
Qd6 21. h4 Kh8 22. h5 Nf4 23. Nd2 Nd5 24. Ne4 Qe7 25. Re2 h6 1-0

[Event "Olomouc 2010 - GM2 Prima Pack Cup"]
[Site "Olomouc (CZE), Hotel Sigma"]
[Date "2010.08.10"]
[Round "7"]
[White "Chernyshov, Konstantin"]
[Black "Simacek, Pavel"]
[Result "1/2-1/2"]
[WhiteElo "2578"]
[BlackElo "2532"]
[PlyCount "47"]
[EventDate "2010.08.04"]

1. d4 Nf6 2. Nc3 d5 3. Bg5 e6 4. e4 dxe4 5. Nxe4 Nbd7 6. Nf3 Be7 7. Nxf6+ Nxf6
8. c3 O-O 9. Bd3 b6 10. O-O Bb7 11. Re1 Nd5 12. Bxe7 Qxe7 13. Be4 c5 14. Qb3
Rad8 15. dxc5 bxc5 16. Rad1 Qc7 17. c4 Nb6 18. Bxb7 Qxb7 19. Qc2 Qe7 20. b3 f6
21. Re2 Rxd1+ 22. Qxd1 Rd8 23. Rd2 Rxd2 24. Qxd2 1/2-1/2

[Event "Olomouc 2010 - GM2 Prima Pack Cup"]
[Site "Olomouc (CZE), Hotel Sigma"]
[Date "2010.08.10"]
[Round "7"]
[White "Semcesen, Daniel"]
[Black "Vokac, Marek"]
[Result "1/2-1/2"]
[WhiteElo "2420"]
[BlackElo "2458"]
[PlyCount "92"]
[EventDate "2010.08.04"]

1. d4 Nf6 2. c4 e6 3. Nf3 d5 4. Nc3 Be7 5. Bg5 O-O 6. Qc2 Nbd7 7. e3 c5 8. Bd3
cxd4 9. exd4 dxc4 10. Bxc4 b6 11. O-O Bb7 12. Qe2 Rc8 13. Bb3 h6 14. Bf4 Bb4
15. Rac1 a6 16. a4 Re8 17. Rfd1 Nf8 18. Ne5 Nd5 19. Nxd5 Bxd5 20. Bxd5 Rxc1 21.
Bxc1 Qxd5 22. Qxa6 Bd6 23. Qc4 Bxe5 24. Qxd5 Bxh2+ 25. Kh1 exd5 26. Be3 Ra8 27.
b3 Ne6 28. g4 b5 29. Ra1 bxa4 30. Rxa4 Rb8 31. Ra5 Rxb3 32. Rxd5 Rd3 33. Kg2
Kf8 34. Kf3 Ke7 35. Ke4 Rb3 36. Ra5 Rb7 37. f4 Nc7 38. f5 Ne8 39. Bc1 Nd6+ 40.
Kd5 Rb5+ 41. Rxb5 Nxb5 42. Bd2 Kd7 43. Bb4 g6 44. fxg6 fxg6 45. Bd2 h5 46. gxh5
gxh5 1/2-1/2

[Event "Olomouc 2010 - GM2 Prima Pack Cup"]
[Site "Olomouc (CZE), Hotel Sigma"]
[Date "2010.08.10"]
[Round "7"]
[White "Talla, Vladimir"]
[Black "Krejci, Jan"]
[Result "0-1"]
[WhiteElo "2476"]
[BlackElo "2463"]
[PlyCount "64"]
[EventDate "2010.08.04"]

1. e4 c5 2. Nf3 Nc6 3. d4 cxd4 4. Nxd4 Nf6 5. Nc3 d6 6. Bg5 e6 7. Qd2 a6 8.
O-O-O Be7 9. f3 Nxd4 10. Qxd4 b5 11. e5 dxe5 12. Qxe5 Qb6 13. h4 Qb8 14. Qd4
Qa7 15. Qd2 O-O 16. Bd3 Bb7 17. h5 b4 18. Ne2 Rfd8 19. h6 g6 20. Kb1 Bd5 21.
Rh4 Qc7 22. c4 Ne4 23. fxe4 Bxc4 24. Nc1 Rxd3 25. Nxd3 Qa5 26. Nxb4 Bxb4 27.
Qd8+ Rxd8 28. Rxd8+ Bf8 29. e5 Bxa2+ 30. Kc2 Qc5+ 31. Kd2 Qf2+ 32. Kc3 Qg3+ 0-1

[Event "Olomouc 2010 - GM2 Prima Pack Cup"]
[Site "Olomouc (CZE), Hotel Sigma"]
[Date "2010.08.11"]
[Round "8"]
[White "Krejci, Jan"]
[Black "Krupa, Monika"]
[Result "1-0"]
[WhiteElo "2463"]
[BlackElo "2214"]
[PlyCount "104"]
[EventDate "2010.08.04"]

1. e4 c5 2. Nf3 Nc6 3. d4 cxd4 4. Nxd4 Nf6 5. Nc3 e5 6. Ndb5 d6 7. Bg5 a6 8.
Na3 b5 9. Nd5 Be7 10. Bxf6 Bxf6 11. c3 O-O 12. Nc2 Bg5 13. h4 Bh6 14. g3 Ne7
15. Nxe7+ Qxe7 16. Bg2 a5 17. O-O Be6 18. Re1 Qd7 19. a3 Rfd8 20. Ne3 Bxe3 21.
Rxe3 Qc6 22. Rd3 Rd7 23. Rd2 Rad8 24. a4 b4 25. cxb4 axb4 26. b3 Qc3 27. Rd3
Bxb3 28. Qb1 Bc2 29. Rxc3 Bxb1 30. Rb3 Bc2 31. Rxb4 Ra7 32. a5 Kf8 33. Bf1 d5
34. exd5 Rxd5 35. a6 Rdd7 36. Rb2 Be4 37. Re1 f5 38. Rb5 g6 39. Rxe5 Bd3 40.
Rd1 Be4 41. Rxd7 Rxd7 42. Ra5 Ra7 43. Bg2 Bxg2 44. Kxg2 Ke7 45. Kf3 Ke6 46. Ke3
Kd6 47. Kd4 Kc6 48. Ke5 Kb6 49. Ra2 Kc5 50. h5 Kc4 51. hxg6 hxg6 52. Kf6 Kd5
1-0

[Event "Olomouc 2010 - GM2 Prima Pack Cup"]
[Site "Olomouc (CZE), Hotel Sigma"]
[Date "2010.08.11"]
[Round "8"]
[White "Payen, Arnaud"]
[Black "Semcesen, Daniel"]
[Result "1/2-1/2"]
[WhiteElo "2372"]
[BlackElo "2420"]
[PlyCount "35"]
[EventDate "2010.08.04"]

1. c4 e5 2. g3 Nf6 3. Bg2 c6 4. d4 exd4 5. Qxd4 Na6 6. Nf3 d5 7. O-O Bc5 8.
Qe5+ Qe7 9. Qxe7+ Bxe7 10. cxd5 Nxd5 11. Bg5 f6 12. Bd2 O-O 13. Nc3 Nxc3 14.
Bxc3 Rd8 15. Nd4 Bg4 16. Rfd1 Nc5 17. h3 Bh5 18. b3 1/2-1/2

[Event "Olomouc 2010 - GM2 Prima Pack Cup"]
[Site "Olomouc (CZE), Hotel Sigma"]
[Date "2010.08.11"]
[Round "8"]
[White "Simacek, Pavel"]
[Black "Adhiban, B."]
[Result "0-1"]
[WhiteElo "2532"]
[BlackElo "2483"]
[PlyCount "86"]
[EventDate "2010.08.04"]

1. e4 c5 2. Nf3 d6 3. d4 cxd4 4. Nxd4 Nf6 5. Nc3 a6 6. Bg5 e6 7. f4 Qb6 8. Qd2
Nc6 9. O-O-O Qxd4 10. Qxd4 Nxd4 11. Rxd4 Be7 12. Be2 Bd7 13. Bxf6 gxf6 14. Bh5
Rc8 15. f5 O-O 16. Rd3 Rc4 17. Rg3+ Kh8 18. Rd1 b5 19. a3 a5 20. Be2 Rc5 21. b4
axb4 22. axb4 Re5 23. Kb2 exf5 24. exf5 Bxf5 25. Rd5 Be6 26. Rxb5 f5 27. Rxe5
dxe5 28. Na2 e4 29. c4 Bf6+ 30. Kc2 Ra8 31. Nc1 f4 32. Rb3 Bf5 33. Bf1 Bd4 34.
b5 Rg8 35. b6 Rb8 36. Rb5 Bd7 37. Nb3 Bxb5 38. Nxd4 Ba4+ 39. Kc3 Rxb6 40. c5
Rb1 41. Bc4 Kg7 42. Bd5 e3 43. g3 Rc1+ 0-1

[Event "Olomouc 2010 - GM2 Prima Pack Cup"]
[Site "Olomouc (CZE), Hotel Sigma"]
[Date "2010.08.11"]
[Round "8"]
[White "Vokac, Marek"]
[Black "Oparin, Grigoriy"]
[Result "1-0"]
[WhiteElo "2458"]
[BlackElo "2309"]
[PlyCount "123"]
[EventDate "2010.08.04"]

1. e4 c5 2. Nf3 d6 3. Bc4 e6 4. Qe2 Nc6 5. d3 Nf6 6. Nbd2 Be7 7. Bb3 b5 8. a4
b4 9. O-O O-O 10. Re1 Bb7 11. c3 Ba6 12. Bc4 Bxc4 13. Nxc4 Rb8 14. h3 Qc7 15.
Bf4 e5 16. Bd2 bxc3 17. bxc3 Rb7 18. Ne3 Rfb8 19. g4 Qd7 20. Nc4 Ne8 21. Nh2
Nc7 22. f4 exf4 23. Bxf4 Ne6 24. Bg3 Rb3 25. Rac1 R8b7 26. Nf3 f6 27. Nfd2 Ne5
28. Nxe5 dxe5 29. Nxb3 Rxb3 30. Qc2 Rb6 31. Red1 h5 32. Qe2 Ng5 33. Kh2 Qb7 34.
Rc2 c4 35. d4 hxg4 36. hxg4 Nxe4 37. a5 Rd6 38. Qxc4+ Kh7 39. d5 f5 40. gxf5
Rh6+ 41. Kg2 Nxg3 42. Kxg3 e4 43. Qxe4 Qb8+ 44. Kg2 Rh2+ 45. Kf1 Rh4 46. Qxe7
Rh1+ 47. Ke2 Qh2+ 48. Ke3 Qg3+ 49. Kd4 Rxd1+ 50. Kc5 Rxd5+ 51. Kxd5 Qd3+ 52.
Kc6 Qxc2 53. Qh4+ Kg8 54. Qc4+ Kh7 55. Qc5 Qe4+ 56. Kc7 Qf3 57. c4 Qe4 58. Kb8
a6 59. Ka7 Qe8 60. Qd5 Qc8 61. Qh1+ Kg8 62. Qa8 1-0

[Event "Olomouc 2010 - GM2 Prima Pack Cup"]
[Site "Olomouc (CZE), Hotel Sigma"]
[Date "2010.08.12"]
[Round "9"]
[White "Chernyshov, Konstantin"]
[Black "Krejci, Jan"]
[Result "1-0"]
[WhiteElo "2578"]
[BlackElo "2463"]
[PlyCount "153"]
[EventDate "2010.08.04"]

1. d4 Nf6 2. Nf3 e6 3. Bf4 c5 4. c3 b6 5. e3 Be7 6. Nbd2 Nh5 7. Bg3 Bb7 8. Bd3
d6 9. Qe2 Nd7 10. O-O-O Qc7 11. Kb1 h6 12. e4 a6 13. d5 e5 14. c4 g6 15. Ne1
Bg5 16. Nc2 Nf4 17. Bxf4 exf4 18. g3 h5 19. Ne1 O-O-O 20. Ng2 fxg3 21. f4 Bf6
22. hxg3 Rde8 23. Nf3 Re7 24. Ne3 Rhe8 25. g4 hxg4 26. Nxg4 Bg7 27. Qg2 b5 28.
Rh7 bxc4 29. Bxc4 f5 30. exf5 gxf5 31. Nf2 Nb6 32. Qf1 Nxc4 33. Qxc4 Re2 34.
Rd2 Rxd2 35. Nxd2 Qf7 36. Nd3 Qg8 37. Rh5 Re2 38. Nxc5 Re1+ 39. Kc2 dxc5 40.
Qxc5+ Kb8 41. Rg5 Qh8 42. Rxf5 Re8 43. Qd6+ Ka8 44. Rf7 Bxb2 45. Rc7 Rc8 46.
Rxc8+ Bxc8 47. Qc7 Bf5+ 48. Kb3 Bc8 49. d6 Bf6 50. Ne4 Qh3+ 51. Kb4 Bb2 52. a4
Qe6 53. Nc5 Qe1+ 54. Kc4 Be6+ 55. Nxe6 Qxe6+ 56. Kb4 Qe4+ 57. Kb3 Bd4 58. Qd8+
Ka7 59. Qe7+ Qb7+ 60. Kc4 Bb2 61. d7 Qc6+ 62. Kb3 Qc3+ 63. Ka2 Qc4+ 64. Kxb2
Qd4+ 65. Kc2 Qxa4+ 66. Kd2 Qd4+ 67. Ke2 Qc4+ 68. Kf3 Qc6+ 69. Kf2 Qc2+ 70. Qe2
Qc7 71. Qd2 Qd8 72. Qd6 Kb7 73. Ke2 a5 74. f5 a4 75. f6 a3 76. f7 a2 77. f8=Q
1-0

[Event "Olomouc 2010 - GM2 Prima Pack Cup"]
[Site "Olomouc (CZE), Hotel Sigma"]
[Date "2010.08.12"]
[Round "9"]
[White "Oparin, Grigoriy"]
[Black "Payen, Arnaud"]
[Result "1/2-1/2"]
[WhiteElo "2309"]
[BlackElo "2372"]
[PlyCount "95"]
[EventDate "2010.08.04"]

1. e4 e5 2. Nf3 d6 3. d4 exd4 4. Nxd4 Nf6 5. Nc3 Be7 6. Be2 O-O 7. O-O Re8 8.
f4 Bf8 9. Bf3 c5 10. Nde2 Nc6 11. h3 Bd7 12. b3 Qc7 13. Bb2 Nd4 14. Nxd4 cxd4
15. Qxd4 d5 16. Nxd5 Nxd5 17. Qxd5 Rad8 18. Qc4 Qxc4 19. bxc4 Rc8 20. Bd4 Rxc4
21. Bxa7 Ra8 22. Be3 Rxc2 23. Rf2 Rc3 24. Re1 Bc6 25. Kh2 Be7 26. Rb2 Ba3 27.
Rbe2 Be7 28. Rb1 b5 29. Rb3 Rc4 30. Bf2 Raa4 31. g3 g5 32. fxg5 Bxg5 33. Kg2
Be7 34. e5 Bxf3+ 35. Kxf3 b4 36. Be3 Kg7 37. Bf4 Ra6 38. Rd3 Ra7 39. Red2 Kg6
40. Rd7 Rc3+ 41. Ke2 Rca3 42. Rxa7 Rxa7 43. Kd3 Ra3+ 44. Ke4 Ra4 45. Kd5 Ra3
46. Rc2 Kf5 47. Kc4 h5 48. Rf2 1/2-1/2

[Event "Olomouc 2010 - GM2 Prima Pack Cup"]
[Site "Olomouc (CZE), Hotel Sigma"]
[Date "2010.08.12"]
[Round "9"]
[White "Semcesen, Daniel"]
[Black "Simacek, Pavel"]
[Result "1/2-1/2"]
[WhiteElo "2420"]
[BlackElo "2532"]
[PlyCount "26"]
[EventDate "2010.08.04"]

1. Nf3 Nc6 2. d4 d5 3. c4 Bg4 4. Nc3 e6 5. cxd5 exd5 6. Bf4 Bxf3 7. gxf3 Bd6 8.
Bg3 Nge7 9. e3 a6 10. Qc2 Qd7 11. a3 Qe6 12. Be2 Nf5 13. O-O-O O-O-O 1/2-1/2

[Event "Olomouc 2010 - GM3 Proclient Cup"]
[Site "Olomouc (CZE), Hotel Sigma"]
[Date "2010.08.04"]
[Round "1"]
[White "Janev, Evgeni"]
[Black "Rosko, Lubos"]
[Result "1-0"]
[WhiteElo "2463"]
[BlackElo "2351"]
[PlyCount "79"]
[EventDate "2010.08.04"]

1. e4 c5 2. c3 d5 3. exd5 Qxd5 4. Nf3 Nf6 5. Na3 e6 6. d4 cxd4 7. Nb5 Na6 8.
Nbxd4 Be7 9. Bb5+ Bd7 10. Qe2 O-O 11. O-O Bxb5 12. Nxb5 Qh5 13. Rd1 Nc5 14. c4
Nce4 15. h3 Bc5 16. Be3 a6 17. Nbd4 Rac8 18. a3 h6 19. Rac1 e5 20. Nb3 Be7 21.
Na5 Ng5 22. Bxg5 hxg5 23. Qxe5 Rfe8 24. Nxb7 Bxa3 25. Qa5 Bxb2 26. Rb1 Re2 27.
Rd8+ Rxd8 28. Qxd8+ Re8 29. Qa5 Re2 30. Qa2 Rc2 31. Ne1 Rd2 32. Rxb2 Rd1 33.
Re2 g4 34. Qa5 Qh4 35. hxg4 Nxg4 36. Re8+ Kh7 37. Qf5+ g6 38. Qxf7+ Kh6 39.
Rh8+ Kg5 40. f4# 1-0

[Event "Olomouc 2010 - GM3 Proclient Cup"]
[Site "Olomouc (CZE), Hotel Sigma"]
[Date "2010.08.05"]
[Round "2"]
[White "Batchuluun, Tsegmed"]
[Black "Raznikov, Danny"]
[Result "1/2-1/2"]
[WhiteElo "2388"]
[BlackElo "2326"]
[PlyCount "103"]
[EventDate "2010.08.04"]

1. d4 d5 2. c4 c6 3. Nf3 Nf6 4. e3 a6 5. Nc3 b5 6. b3 Bg4 7. h3 Bxf3 8. Qxf3 e6
9. Bd2 Bb4 10. Qd1 O-O 11. Bd3 bxc4 12. bxc4 c5 13. dxc5 d4 14. Ne4 Bxd2+ 15.
Qxd2 dxe3 16. Qxe3 Qa5+ 17. Qd2 Qxd2+ 18. Kxd2 Nbd7 19. Rhb1 Rac8 20. Kc3 Nxe4+
21. Bxe4 Nxc5 22. Bc2 g6 23. Rb6 Kg7 24. Rab1 Rfd8 25. f4 h5 26. h4 Kf6 27. a4
Ke7 28. a5 Rc7 29. Rb8 Rxb8 30. Rxb8 Nb7 31. Kb4 Nxa5 32. Kxa5 Rxc4 33. Bd1
Rxf4 34. Rb4 Rxb4 35. Kxb4 Kf6 36. Be2 Kf5 37. Bxa6 Kg4 38. Bb5 Kxh4 39. Be8
Kg3 40. Bxf7 Kxg2 41. Bxg6 h4 42. Bf7 e5 43. Bd5+ Kf2 44. Kc4 Ke3 45. Bh1 h3
46. Kd5 Kf4 47. Be4 h2 48. Bh1 Kg3 49. Kxe5 Kf2 50. Kf4 Kg1 51. Kg3 Kxh1 52.
Kf2 1/2-1/2

[Event "Olomouc 2010 - GM3 Proclient Cup"]
[Site "Olomouc (CZE), Hotel Sigma"]
[Date "2010.08.05"]
[Round "2"]
[White "Pisk, Petr"]
[Black "Matsenko, Sergei"]
[Result "0-1"]
[WhiteElo "2337"]
[BlackElo "2453"]
[PlyCount "112"]
[EventDate "2010.08.04"]

1. d4 d5 2. c4 c6 3. Nf3 Nf6 4. Nc3 e6 5. Bg5 h6 6. Bxf6 Qxf6 7. e3 Nd7 8. Bd3
dxc4 9. Bxc4 g6 10. O-O Bg7 11. Rc1 O-O 12. Qe2 Rd8 13. Rfd1 Qe7 14. Qc2 Nb6
15. Bb3 Bd7 16. Ne4 Be8 17. Ne5 Nd5 18. Qe2 Rac8 19. a3 Kh7 20. Nf3 Nf6 21.
Nxf6+ Qxf6 22. Rc2 Qe7 23. Rcd2 c5 24. d5 exd5 25. Bxd5 Ba4 26. b3 Rxd5 27.
Rxd5 Bxb3 28. Rd7 Bxd1 29. Qxd1 Qe8 30. Rxb7 Rd8 31. Qc1 Qa4 32. Rb1 c4 33. h4
c3 34. Nd4 Bxd4 35. exd4 Qxd4 36. h5 gxh5 37. Qc2+ Qd3 38. Qb3 Kg7 39. Rc1 Rc8
40. Rd1 Qg6 41. Rc1 c2 42. Qb2+ Kh7 43. Qb7 Rg8 44. Qf3 h4 45. Kh2 Rc8 46. Qf4
Rc5 47. f3 a5 48. a4 Qg3+ 49. Qxg3 hxg3+ 50. Kxg3 Kg6 51. Kf4 h5 52. Ke4 Kg5
53. Kd4 Rc7 54. g3 f5 55. Ke3 f4+ 56. gxf4+ Kf5 0-1

[Event "Olomouc 2010 - GM3 Proclient Cup"]
[Site "Olomouc (CZE), Hotel Sigma"]
[Date "2010.08.05"]
[Round "2"]
[White "Rosko, Lubos"]
[Black "Petr, Martin"]
[Result "0-1"]
[WhiteElo "2351"]
[BlackElo "2511"]
[PlyCount "88"]
[EventDate "2010.08.04"]

1. d4 d5 2. c4 e6 3. Nc3 c6 4. Nf3 dxc4 5. a4 Bb4 6. e4 Nf6 7. e5 Nd5 8. Bd2
Bxc3 9. bxc3 b5 10. Ng5 f6 11. exf6 Qxf6 12. Ne4 Qg6 13. Nd6+ Ke7 14. Nxc8+
Rxc8 15. Be2 Qxg2 16. Bf3 Qg6 17. Qe2 Qd3 18. Qxd3 cxd3 19. Be4 g6 20. Bxd3 Nd7
21. axb5 cxb5 22. Bxb5 Nxc3 23. Ba6 Rc7 24. Bf4 e5 25. dxe5 Nc5 26. Bc4 N5e4
27. Bd3 Rd7 28. Bxe4 Nxe4 29. Ke2 Nc3+ 30. Kf1 a5 31. Kg2 a4 32. Rhc1 Nd5 33.
Bd2 Ke6 34. f4 a3 35. Ra2 Rb7 36. Rca1 Rb2 37. Kg1 Rc8 38. Be1 Rcc2 39. Rxa3
Rg2+ 40. Kf1 Rxh2 41. f5+ Kxf5 42. Rf3+ Ke4 43. Rf2 Ne3+ 44. Kg1 Rbxf2 0-1

[Event "Olomouc 2010 - GM3 Proclient Cup"]
[Site "Olomouc (CZE), Hotel Sigma"]
[Date "2010.08.05"]
[Round "2"]
[White "Vovk, Andrey"]
[Black "Polak, Tomas"]
[Result "1-0"]
[WhiteElo "2522"]
[BlackElo "2544"]
[PlyCount "113"]
[EventDate "2010.08.04"]

1. e4 e5 2. Nf3 Nf6 3. Nxe5 d6 4. Nf3 Nxe4 5. Nc3 Nf6 6. d4 Be7 7. Bd3 O-O 8.
h3 Nc6 9. a3 Re8 10. Be3 Bf8 11. Qd2 h6 12. O-O-O d5 13. Bf4 Ne4 14. Bxe4 dxe4
15. Ne5 Bf5 16. Nc4 Ne7 17. d5 Nc8 18. Nb5 Nd6 19. Bxd6 cxd6 20. Qf4 Bg6 21. g3
e3 22. Nxe3 Rc8 23. Rd2 Re4 24. Qf3 Qa5 25. Nd4 Qa4 26. Ndf5 Bxf5 27. Qxf5 Rce8
28. Rd3 g6 29. Qf6 Qd7 30. h4 Bg7 31. Qf3 h5 32. Rhd1 b5 33. c3 Qc8 34. Kb1 a5
35. Nc2 Qc5 36. Re3 Rxe3 37. fxe3 Qc4 38. Qf1 Qg4 39. Rd2 b4 40. Qb5 Re4 41.
axb4 axb4 42. Nxb4 Qxg3 43. Nc2 Be5 44. c4 Qg1+ 45. Ka2 Qf1 46. Nd4 Rxe3 47. c5
Qxb5 48. Nxb5 dxc5 49. Rc2 Bf6 50. Rxc5 Bxh4 51. Nd6 Bg3 52. Rc6 Kg7 53. Ne8+
Kh6 54. d6 Rd3 55. Rc3 Rxc3 56. bxc3 h4 57. d7 1-0

[Event "Olomouc 2010 - GM3 Proclient Cup"]
[Site "Olomouc (CZE), Hotel Sigma"]
[Date "2010.08.05"]
[Round "2"]
[White "Warakomski, Tomasz"]
[Black "Janev, Evgeni"]
[Result "1-0"]
[WhiteElo "2495"]
[BlackElo "2463"]
[PlyCount "63"]
[EventDate "2010.08.04"]

1. e4 d6 2. Nc3 e5 3. g3 Nc6 4. d3 Nf6 5. Bg2 g6 6. Nge2 Bg7 7. h3 Be6 8. g4 h5
9. g5 Nh7 10. h4 f6 11. d4 exd4 12. Nxd4 Nxd4 13. Qxd4 O-O 14. Qd3 f5 15. Nd5
Qd7 16. Be3 Rae8 17. O-O-O Qf7 18. exf5 Bxf5 19. Qa3 c6 20. Nc3 d5 21. Bc5 b6
22. Bxf8 Nxf8 23. Rde1 Ne6 24. Qd6 Nd4 25. Nxd5 cxd5 26. Bxd5 Ne6 27. Re2 Bf8
28. Qc6 Qe7 29. Rhe1 Kf7 30. Rxe6 Bxe6 31. Rxe6 Qxe6 32. Qd7+ 1-0

[Event "Olomouc 2010 - GM3 Proclient Cup"]
[Site "Olomouc (CZE), Hotel Sigma"]
[Date "2010.08.06"]
[Round "3"]
[White "Janev, Evgeni"]
[Black "Batchuluun, Tsegmed"]
[Result "1/2-1/2"]
[WhiteElo "2463"]
[BlackElo "2388"]
[PlyCount "57"]
[EventDate "2010.08.04"]

1. e4 e5 2. Nf3 Nc6 3. Bb5 a6 4. Ba4 Nf6 5. d3 d6 6. c3 g6 7. O-O Bg7 8. Re1
O-O 9. h3 Bd7 10. Nbd2 Re8 11. Nf1 h6 12. Ng3 Qe7 13. d4 Rad8 14. Bd2 Qf8 15.
Re2 d5 16. Bxc6 Bxc6 17. Nxe5 Nxe4 18. Nxc6 Nxg3 19. Rxe8 Rxe8 20. Nb4 c5 21.
Nxd5 Ne2+ 22. Kh1 cxd4 23. c4 Qc5 24. Qb3 b5 25. cxb5 axb5 26. Re1 Re6 27. Nb4
Qc8 28. Nd3 Qd7 29. Qc2 {49 moves} 1/2-1/2

[Event "Olomouc 2010 - GM3 Proclient Cup"]
[Site "Olomouc (CZE), Hotel Sigma"]
[Date "2010.08.06"]
[Round "3"]
[White "Matsenko, Sergei"]
[Black "Vovk, Andrey"]
[Result "1/2-1/2"]
[WhiteElo "2453"]
[BlackElo "2522"]
[PlyCount "43"]
[EventDate "2010.08.04"]

1. e4 c5 2. Nf3 e6 3. d4 cxd4 4. Nxd4 a6 5. Bd3 Bc5 6. Nb3 Ba7 7. Qe2 d6 8. Be3
Nc6 9. O-O e5 10. c4 Be6 11. Nc3 Nf6 12. Rfd1 O-O 13. Bxa7 Rxa7 14. Qe3 Qb8 15.
Be2 Rc8 16. Rd2 b6 17. Rad1 Ne8 18. h3 Ne7 19. Nd5 Nxd5 20. cxd5 Bd7 21. Rc1
Rac7 22. Rdd1 1/2-1/2

[Event "Olomouc 2010 - GM3 Proclient Cup"]
[Site "Olomouc (CZE), Hotel Sigma"]
[Date "2010.08.06"]
[Round "3"]
[White "Petr, Martin"]
[Black "Warakomski, Tomasz"]
[Result "1/2-1/2"]
[WhiteElo "2511"]
[BlackElo "2495"]
[PlyCount "86"]
[EventDate "2010.08.04"]

1. e4 g6 2. d4 Bg7 3. Nc3 c6 4. h3 d5 5. Nf3 Nh6 6. Bf4 f6 7. exd5 cxd5 8. Nb5
Na6 9. c4 Nf7 10. cxd5 Qxd5 11. Nc3 Qf5 12. Bg3 Nd6 13. Bxd6 exd6 14. Bc4 Nc7
15. Qb3 Kd8 16. O-O b5 17. Nxb5 Nxb5 18. Bxb5 Rb8 19. d5 a6 20. Bd3 Rxb3 21.
Bxf5 Rxb2 22. Bxc8 Kxc8 23. Rab1 f5 24. Rxb2 Bxb2 25. Rb1 Ba3 26. Rb6 Bc5 27.
Rxa6 Kd7 28. Nd2 Re8 29. Kf1 Re5 30. Nb3 Rxd5 31. Nxc5+ dxc5 32. Ke2 Kc7 33.
Ra7+ Kb6 34. Rxh7 c4 35. Rh8 Ra5 36. Rg8 Rxa2+ 37. Ke3 f4+ 38. Kd4 Rxf2 39.
Rxg6+ Kb5 40. Kc3 f3 41. Rg5+ Kc6 42. gxf3 Rxf3+ 43. Kxc4 Rf4+ 1/2-1/2

[Event "Olomouc 2010 - GM3 Proclient Cup"]
[Site "Olomouc (CZE), Hotel Sigma"]
[Date "2010.08.06"]
[Round "3"]
[White "Polak, Tomas"]
[Black "Rosko, Lubos"]
[Result "1-0"]
[WhiteElo "2544"]
[BlackElo "2351"]
[PlyCount "117"]
[EventDate "2010.08.04"]

1. d4 Nf6 2. c4 g6 3. d5 Bg7 4. Nc3 d6 5. e4 e5 6. Nf3 O-O 7. h3 Na6 8. Bg5 h6
9. Be3 Nc5 10. Nd2 a5 11. g4 c6 12. Rg1 Bd7 13. h4 Nh7 14. g5 h5 15. Nb3 Nxb3
16. Qxb3 c5 17. Be2 a4 18. Qc2 Qa5 19. a3 Rfb8 20. Bd2 Qd8 21. Rb1 f5 22. exf5
Bxf5 23. Ne4 Qd7 24. Bd3 Kh8 25. f3 Rf8 26. Rg3 Rf7 27. Ke2 Nf8 28. b3 axb3 29.
Qxb3 Ra6 30. Bc1 Qc8 31. Bc2 Rc7 32. a4 Nd7 33. a5 Bxe4 34. Bxe4 Nf8 35. Qb5
Rf7 36. Bd2 Kh7 37. Qa4 Kh8 38. Rb5 Kh7 39. Qb3 Kh8 40. Kf1 Kh7 41. Kg2 Rc7 42.
Rh3 Qd7 43. Rh1 Qe7 44. Rb1 Ra7 45. Qd3 Qd7 46. R1b3 Qe7 47. Qb1 Qd7 48. Rb6
Qe7 49. Bc2 Qd7 50. Qe1 Qe7 51. Qe4 Qd8 52. Bd3 Rf7 53. Kh2 Qd7 54. Bf1 Qc7 55.
Bh3 Nd7 56. Be6 Rf4 57. Bxf4 Nxb6 58. axb6 Ra2+ 59. Kh3 1-0